000 01114nam a22002537a 4500
005 20240305165431.0
007 cr|||| ||||
008 150707s2015 mx |||||s|||| 00||0 spa d
020 _a978-607-440-788-4
035 _a12753
040 _avLex
090 _c5483
_d5483
100 1 _aPérez Chavez, José
245 1 0 _aSueldos y salarios
_h[Recurso electrónico] :
_bPersonas físicas. Guía práctica 2015 /
_cJosé Pérez Chavez, Raymundo Fol Olguin
256 _aServicio en línea
260 _aMéxico D.F.:
_bTax Editores,
_c2015
300 _a1 recurso electrónico
506 1 _aContenido disponible en los productos indicados
_dvLex Global
_dvLex Global (Academic Edition, excluding Law Schools)
_dvLex Global (U.S. Academic Edition, Law Schools)
_dvLex Global (U.S. Academic Edition, excluding Law Schools)
_dvLex Global (Academic Edition, Law Schools)
650 0 4 _aSalarios
_zMéxico
700 0 _aFol Olguin, Raymundo
740 0 _avLex Libros (Servicio en línea)
856 4 0 _uhttps://app.vlex.com/#/sources/sueldos-y-salarios-personas-fisicas-guia-practica-2015-12753
942 _cRAA
999 _c163824
_d163824